ბათუმის შოთა რუსთაველის სახელმწიფო უნივერსიტეტის ბიბლიოთეკა

სადაზღვეო საქმე / (ბიბ.ჩანაწერი № 55604)

000 -ლიდერი
ფიქსირებული სიგრძის საკონტროლო ველი 01989nam a2200313Ia 4500
001 - საკონტროლო ნომერი
საკონტროლო ველი 22699
003 - საკონტროლო ნომრის იდენტიფიკატორი
საკონტროლო ველი GE_BSU
005 - ბოლო ოპერაციის თარიღი და დრო
საკონტროლო ველი 20230421163202.0
008 - ფიქსირებული სიგრძის მონაცემთა ელემენტები - ზოგადი ინფორმაცია
ფიქსირებული სიგრძის საკონტროლო ველი 181216s ||||ge |||||||||||||| ||geo||
020 ## - წიგნის საერთაშორისო სტანდარტული ნომერი
International Standard Book Number 9789941085383
040 ## - კატალოგიზაციის წყარო
Transcribing agency GE_BSU
041 ## - ენის კოდი
Language code of text/sound track or separate title geo
080 ## - უნივერსალური ათობითი კლასიფიკაციის ინდექსი
Universal Decimal Classification number 368 ც-44
100 ## - მთავარი ჩანაწერი - პიროვნების სახელი
Personal name ცერცვაძე, არჩილ
9 (RLIN) 17735
245 ## - ცნობა სათაურის შესახებ
Title სადაზღვეო საქმე /
Statement of responsibility, etc არჩილ ცერცვაძე, გიორგი ხანთაძე, დავით ვეკუა ; მეცნიერ-რედაქტორები : სოლომონ პავლიაშვილი, დავით ჯანგულაშვილი.
264 ## - წარმოების, გამოცემის, დისტრიბუციის და სხვა ცნობები
გამოცემის, წარმოების, დისტრიბუციის... ადგილი თბილისი :
გამოცემის, წარმოების, დისტრიბუციის... სახელწოდება დანი,
გამოცემის, წარმოების, დისტრიბუციის... თარიღი 2016.
300 ## - ფიზიკური აღწერა
Extent 486 გვ. ;
Dimensions 20 სმ.
500 ## - ზოგადი შენიშვნა
General note ნაშრომი მკითხველს აძლევს საშუალებას გაერკვეს რისკის კონცეფციაში,გაეცნოს დაზღვევის წარმოშობასა და განვითარებას,შეისწავლოს დაზღვევის არსი,სახეები,ფორმები,ფუნქციები და პრინციპები
500 ## - ზოგადი შენიშვნა
General note თავფურცელი და მე-7 გვ. ინგლურ ენაზე
504 ## - BIBLIOGRAPHY, ETC. NOTE
Bibliography, etc ბიბლიოგრ. : გვ. 477-485
653 ## - INDEX TERM--UNCONTROLLED
Uncontrolled term დაზღვევა
653 ## - INDEX TERM--UNCONTROLLED
Uncontrolled term სადაზღვეო საქმე
700 ## - ADDED ENTRY--PERSONAL NAME
Personal name ხანთაძე, გიორგი
Relator term ავტორი
9 (RLIN) 17736
700 ## - ADDED ENTRY--PERSONAL NAME
Personal name ვეკუა, დავით
Relator term ავტორი
9 (RLIN) 17737
700 ## - ADDED ENTRY--PERSONAL NAME
Personal name პავლიაშვილი, სოლომონ
Relator term რედაქტორი
9 (RLIN) 17738
700 ## - ADDED ENTRY--PERSONAL NAME
Personal name ჯანგულაშვილი, დავით
Relator term რედაქტორი
9 (RLIN) 17739
942 ## - ADDED ENTRY ELEMENTS (KOHA)
Koha item type წიგნი
Source of classification or shelving scheme
ეგზემპლარები
ჩამოწერის სტატუსი დაკარგული ეგზემპლარის სტატუსი კლასიფიკაციის წყარო ან თაროზე გაწყობის სქემა დაზიანების სტატუსი არ გაიცემა მუდმივი მდებარეობა (დაცვის ადგილი) ამჟამინდელი ადგილსამყოფელი თაროზე განთავსების ადგილი შეძენის თარიღი ღირებულება, შესყიდვის ნორმალური ფასი სრული შენახვის შიფრი შტრიხკოდი ბოლო ოპერაციის თარიღი ეგზემპლარის მიმდევრობითი ნომერი (კეტერი?) ფასის ძალაში შესვლის თარიღი ეგზემპლარის სახეობა საჯარო შენიშვნა
          ბათუმის შოთა რუსთაველის სახელმწიფო უნივერსიტეტის მთავარი ბიბლიოთეკა ბათუმის შოთა რუსთაველის სახელმწიფო უნივერსიტეტის მთავარი ბიბლიოთეკა წიგნსაცავი 2018-12-17 15.00 368 ც-44 58108 2018-12-17 58108 2018-12-17 წიგნი 15.00 ₾.